书目信息 |
| 题名: |
生产计划制定方法研究
|
|
| 作者: | 方叶祥 著 | |
| 分册: | ||
| 出版信息: | 北京 经济管理出版社 2013 |
|
| 页数: | 205页 | |
| 开本: | 24cm | |
| 丛书名: | 哲学社会科学明毅文库 | |
| 单 册: | ||
| 中图分类: | F406.2 | |
| 科图分类: | ||
| 主题词: | 工业生产--生产计划--制定--方法研究 , 工业生产 , 生产计划 , 方法研究 | |
| 电子资源: | ||
| ISBN: | 978-7-5096-2870-6 | |
| 000 | 01475nam0 2200313 450 | |
| 001 | 523 | |
| 005 | 20140909094259.98 | |
| 010 | @a978-7-5096-2870-6@dCNY39.00 | |
| 100 | @a20140417d2013 kemy0chiy50 ea | |
| 101 | 0 | @achi |
| 102 | @aCN@b110000 | |
| 105 | @ay v 000yy | |
| 106 | @ar | |
| 200 | 1 | @a生产计划制定方法研究@ASheng Chan Ji Hua Zhi Ding Fang Fa Yan Jiu@e基于有条件相容组批的研究@EJi Yu You Tiao Jian Xiang Rong Zu Pi De Yan Jiu@dMethod of making production planning based on conditionally compatible batch@f方叶祥著@FFang Ye Xiang Zhu@zeng |
| 210 | @a北京@c经济管理出版社@d2013 | |
| 215 | @a205页@d24cm | |
| 225 | 2 | @a哲学社会科学明毅文库@i管理科学与工程文丛 |
| 330 | @a本书以一种特殊生产方式即有条件相容组批为研究对象,研究了其定制生产方式下,在线企业总计划和车间计划的综合协同优化方法。包括:企业总计划的订单处理方法和投放策略、车间生产调度规律以及基于强化学习的两级计划协同算法,探讨了不确定条件下生产能力的可获性,在此基础上给出了交货期的设定方法。 | |
| 461 | 0 | @12001 @a哲学社会科学明毅文库 |
| 510 | 1 | @aMethod of making production planning based on conditionally compatible batch@zeng |
| 517 | 1 | @a基于有条件相容组批的研究@AJi Yu You Tiao Jian Xiang Rong Zu Pi De Yan Jiu |
| 606 | 0 | @a工业生产@x生产计划@x制定@x方法研究 |
| 606 | 0 | @a工业生产 |
| 606 | 0 | @a生产计划 |
| 606 | 0 | @a方法研究 |
| 690 | @aF406.2@v5 | |
| 701 | 0 | @a方叶祥@AFang Ye Xiang@f(1971~)@4著 |
| 801 | 0 | @aCN@bTANGWEI@c20140603 |
| 905 | @b0840004-06@dF406.2@e216@f3 | |
| 生产计划制定方法研究:基于有条件相容组批的研究=Method of making production planning based on conditionally compatible batch/方叶祥著.-北京:经济管理出版社,2013 |
| 205页;24cm.-(哲学社会科学明毅文库.管理科学与工程文丛) |
| ISBN 978-7-5096-2870-6:CNY39.00 |
| 本书以一种特殊生产方式即有条件相容组批为研究对象,研究了其定制生产方式下,在线企业总计划和车间计划的综合协同优化方法。包括:企业总计划的订单处理方法和投放策略、车间生产调度规律以及基于强化学习的两级计划协同算法,探讨了不确定条件下生产能力的可获性,在此基础上给出了交货期的设定方法。 |
| ● |
| 相关链接 |
|
|
|
|
正题名:生产计划制定方法研究
索取号:F406.2/216
 
预约/预借
| 序号 | 登录号 | 条形码 | 馆藏地/架位号 | 状态 | 备注 |
| 1 | 0840004 | 208400041 | 第一样本阅览室/ [索取号:F406.2/216] | 在馆 | |
| 2 | 0840005 | 208400050 | 第一借阅区/ [索取号:F406.2/216] | 在馆 | |
| 3 | 0840006 | 208400069 | 密集书库-海洋学院/ [索取号:F406.2/216] | 在馆 |